000 00460nam a2200181Ia 4500
999 _c28785
_d28785
003 OSt
005 20250630100553.0
008 250310s9999||||xx |||||||||||||| ||und||
020 _a0-87692-408-9
040 _c.
082 _a342.54023
_bB327
100 _94919
_aBasu, Durga Das
245 0 _aShorter Constitution of India /
_cDurga Das Basu
250 _a10th ed.
260 _aNew Delhi :
_bPrentuice Hall,
_c1988.
300 _a1235 p.
942 _cBK
_2ddc